| 000 | 00768nam a2200253Ia 4500 | ||
|---|---|---|---|
| 003 | GCL | ||
| 008 | 140319s9999 xx 000 0 ara d | ||
| 040 |
_aGCL / _cGCL |
||
| 082 | 0 | 4 |
_a358.8 _bه ح |
| 100 | 1 | _aدايفيد هوبس | |
| 245 | 1 | 0 |
_aحرب الفضاء / _cدايفيد هوبس |
| 700 | 1 | _aفؤاد حطيط | |
| 700 | 1 | _aنبيل فاخورى | |
| 260 |
_a[S.N] : _bمنشورات بحر المتوسط |
||
| 490 | _a | ||
| 650 | 0 | 4 | _aالفضاء |
| 650 | 0 | 4 | _aالاتحاد السوفيتى |
| 650 | 0 | 4 | _aالولايات المتحدة الامريكية |
| 650 | 0 | 4 | _aالعلوم الحربية |
| 650 | 0 | 4 | _aالصواريخ |
| 650 | 0 | 4 | _aالحرب الباردة |
| 650 | 0 | 4 | _aالاقمار الصناعية |
| 942 |
_2ddc _cBK |
||
| 999 |
_c39317 _d39317 |
||